Strengthening national food control systems : Guidelines to access capacity building needs

Đã lưu trong:
Sonraí Bibleagrafaíochta
Formáid: Leabhar
Teanga:Undetermined
Foilsithe: Rome, Italy FAO 2006
Ábhair:
Clibeanna: Cuir Clib Leis
Gan Chlibeanna, Bí ar an gcéad duine leis an taifead seo a chlibeáil!
Thư viện lưu trữ: Trung tâm Học liệu Trường Đại học Cần Thơ
LEADER 00529nam a2200181Ia 4500
001 CTU_116684
008 210402s9999 xx 000 0 und d
082 |a 664.907 
082 |b S914 
245 0 |a Strengthening national food control systems : 
245 0 |b Guidelines to access capacity building needs 
260 |a Rome, Italy 
260 |b FAO 
260 |c 2006 
650 |a Food industry and trade,Food 
650 |x Quality control,Analysis 
904 |i Minh 
980 |a Trung tâm Học liệu Trường Đại học Cần Thơ